000 00997cam a22003131 4500
001 4596
003 BD-RjUL
005 20211208233923.0
008 131223s1939 xx 000 0 eng
035 _a(BD-RjUL)4631
035 _a(OCoLC)877522
040 _aDLC
_cVtMiM
_dOCoLC
_dDLC
_dBD-RjUL
_beng
041 _aeng
082 0 4 _a342.73
_bROH 1939
100 1 _aRottschaefer, Henry,
_d1888-
_914504
245 1 0 _aHandbook of American constitutional law /
_cby Henry Rottschaefer...
260 _aSt. Paul, Minnesota :
_bWest,
_c1939.
300 _a1 p. 1., v-xxxv, 982 p. ;
_c24 cm.
490 0 _aHandbook series
500 _aPocket device on inside of back cover.
500 _a"Table of cases cited": p. 895-939.
504 _a"Bibliography of periodical literature": p. 877-893.
504 _aIncludes index.
650 0 _aConstitutional law
_zUnited States.
_914505
740 0 _aAmerican constitutional law.
942 _2ddc
_cBK
999 _c4596
_d4596